We're Gonna Get Sued! TV Edition Quiz Stats

Quiz Updated Sep 18, 2017

Challenge
Share
Tweet
Embed
Score 0/20 Timer 05:00
6 Plays Today
Lawsuit TV Show % Correct
Rubble v. Bedrock Homeowners AssociationThe Flintstones
90.5%
Costanza v. Yankee Global EnterprisesSeinfeld
90.3%
Michael Scott Paper Co. v. Dunder MifflinThe Office
89.1%
United States Department of Justice v. ScullyThe X-Files
85.8%
Picard v. Borg Cybernetic Organism HiveStar Trek: The Next Generation
83.7%
American Society of Composers, Authors and Publishers v. Ricky RicardoI Love Lucy
82.7%
Commissioner of the Office of Land Mgmt. v. Ewing OilDallas
78.8%
Drug Enforcement Administration v. PinkmanBreaking Bad
77.5%
Malone v. Fenway Sports GroupCheers
75.1%
Grimes v. 7,000,000,000 Unnamed Undead DefendantsThe Walking Dead
74%
Lawsuit TV Show % Correct
Estate of Lannister v. Westeros Water Closet CompanyGame of Thrones
73.4%
Estate of Lane Pryce v. Sterling Cooper Advertising AgencyMad Men
66.1%
Pewterschmidt v. Pawtucket Brewing CompanyFamily Guy
62.1%
Kimble v. Indiana Department of CorrectionThe Fugitive
59.7%
Tripper v. Regal BeagleThree's Company
55.8%
Stratford Inn v. Larry, Darryl & DarrylNewhart
54.6%
Crawley, Earl of Grantham v. SampsonDownton Abbey
53.9%
Dr. Samuel Beckett, et. al v. United States Dept. of the NavyQuantum Leap
38.3%
Richards, Grant & Slaughter v. WJMThe Mary Tyler Moore Show
37.9%
Pendleton State University v. High Commander Solomon3rd Rock From the Sun
26.1%

You're not logged in!

Compare scores with friends on all Sporcle quizzes.
Sign Up with Email
OR
Log In

You Might Also Like...

Show Comments

Extras

Top Quizzes Today


Score Distribution

Your Account Isn't Verified!

In order to create a playlist on Sporcle, you need to verify the email address you used during registration. Go to your Sporcle Settings to finish the process.